[Event "BL 1314 (Women)"]
[Site "Germany"]
[Date "2014.03.09"]
[Round "9.4"]
[White "Zakurdjaeva, Irina"]
[Black "Butschek, Tanja"]
[Result "1-0"]
[WhiteElo "2291"]
[BlackElo "2002"]
[PlyCount "41"]
[EventDate "2013.10.04"]
[EventType "team-tourn"]
[EventRounds "11"]
[EventCountry "GER"]
[SourceTitle "EXT 2018"]
[Source "ChessBase"]
[SourceDate "2017.10.13"]
[SourceVersion "1"]
[SourceVersionDate "2017.10.13"]
[SourceQuality "1"]
[WhiteTeam "Bad Koenigshofen (W)"]
[BlackTeam "Muelheim Nord (W)"]
[WhiteTeamCountry "GER"]
[BlackTeamCountry "GER"]

1. e4 c5 2. Nf3 e6 3. d4 cxd4 4. Nxd4 Nf6 5. Bd3 Nc6 6. Nb3 d5 7. exd5 Nxd5 8. a3 Bd6 9. 0-0 a6 10. c4 Nf4 11. Be4 0-0 12. Nc3 Ng6 13. Be3 Qc7 14. Bxg6 Bxh2+ 15. Kh1 fxg6 16. g3 Ne5 17. Nd2 b5 18. Kxh2 bxc4 19. Qe2 Bb7 20. f3 Rf5 21. Bf4 1-0

[Event "BL2 West 1314 (Women)"]
[Site "Germany"]
[Date "2014.02.15"]
[Round "4.2"]
[White "Butschek, Tanja"]
[Black "Aden, Dagmar"]
[Result "1-0"]
[WhiteElo "2002"]
[BlackElo "1895"]
[PlyCount "151"]
[EventDate "2013.11.30"]
[EventType "team-tourn"]
[EventRounds "7"]
[EventCountry "GER"]
[SourceTitle "EXT 2018"]
[Source "ChessBase"]
[SourceDate "2017.10.13"]
[SourceVersion "1"]
[SourceVersionDate "2017.10.13"]
[SourceQuality "1"]
[WhiteTeam "Muelheim Nord (W) II"]
[BlackTeam "Delmenhorst (W)"]
[WhiteTeamCountry "GER"]
[BlackTeamCountry "GER"]

1. e4 c5 2. Nf3 d6 3. Bc4 Nc6 4. a3 g6 5. Nc3 Bg7 6. d3 Nf6 7. Be3 Bg4 8. Qd2 Bxf3 9. gxf3 Ne5 10. Bb5+ Nfd7 11. Ke2 a6 12. Ba4 b5 13. Bb3 Nb6 14. Nd5 Ned7 15. c3 Rc8 16. Bh6 0-0 17. h4 c4 18. Bxg7 Kxg7 19. Nxb6 Qxb6 20. Bc2 cxd3+ 21. Bxd3 h5 22. Rhg1 Ne5 23. Rg2 Nxd3 24. Qxd3 Qc5 25. Rag1 Qc4 26. f4 Qxd3+ 27. Kxd3 Kf6 28. Rg5 Rc5 29. f5 gxf5 30. exf5 Rh8 31. Re1 Rd5+ 32. Kc2 Re5 33. Rxe5 Kxe5 34. Kd3 f6 35. Rg7 Re8 36. Rh7 Kxf5 37. Rxh5+ Kg6 38. Rd5 Rh8 39. Rd4 Rh5 40. Ke3 Re5+ 41. Kf3 Re1 42. a4 Re5 43. axb5 axb5 44. Re4 Rf5+ 45. Kg3 Kf7 46. f3 Rc5 47. Rd4 Kg6 48. Kg4 f5+ 49. Kg3 Kh5 50. Rd1 Re5 51. Kf4 Re2 52. b4 Rh2 53. Kxf5 Kxh4 54. Kf4 Kh3 55. Rd3 Rc2 56. Ke4 Re2+ 57. Re3 Rd2 58. Kf5 Kg3 59. f4+ Kf2 60. Rxe7 Rd3 61. Rc7 Kf3 62. Rh7 Rd5+ 63. Ke6 Ke4 64. Rh4 Rf5 65. Kxd6 Kd3 66. Rh3+ Ke4 67. Rh4 Kd3 68. Ke6 Rf8 69. Rh3+ Ke4 70. f5 Rc8 71. f6 Rc6+ 72. Ke7 Rc7+ 73. Kf8 Kf5 74. f7 Rc8+ 75. Kg7 Rc7 76. Kg8 1-0

[Event "Ruhrgebiet Regionalliga 1314"]
[Site "Ruhrgebiet"]
[Date "2013.09.22"]
[Round "1.8"]
[White "Poetter, Clemens"]
[Black "Butschek, Tanja"]
[Result "1-0"]
[WhiteElo "2033"]
[BlackElo "1871"]
[PlyCount "97"]
[EventDate "2013.09.22"]
[EventType "team-tourn"]
[EventRounds "9"]
[EventCountry "GER"]
[SourceTitle "EXT 2024"]
[Source "ChessBase"]
[SourceDate "2023.10.10"]
[SourceVersion "1"]
[SourceVersionDate "2023.10.10"]
[SourceQuality "1"]
[WhiteTeam "Borbeck Weisse Dame"]
[BlackTeam "Muelheim Nord III"]
[WhiteTeamCountry "GER"]
[BlackTeamCountry "GER"]

1. d4 f5 2. c4 Nf6 3. g3 g6 4. Bg2 Bg7 5. Nc3 d6 6. Nh3 Nc6 7. 0-0 0-0 8. e3 Rb8 9. Qe2 a6 10. Rd1 Qe8 11. Nd5 e6 12. Nxc7 Qd7 13. Nxe6 Qxe6 14. d5 Qe7 15. dxc6 Ne4 16. cxb7 Bxb7 17. Nf4 g5 18. Nd5 Bxd5 19. Rxd5 Nf6 20. Rxf5 Ne4 21. Rxf8+ Rxf8 22. f3 Nc5 23. Rb1 Re8 24. e4 g4 25. fxg4 Nxe4 26. Bxe4 Qxe4 27. Qxe4 Rxe4 28. Bf4 Rxc4 29. Bxd6 Rc2 30. Bf4 Bd4+ 31. Kh1 Bxb2 32. a4 Bd4 33. Rb4 Ba7 34. h4 Bf2 35. h5 Ra2 36. g5 Ra3 37. Kg2 Ba7 38. Be5 Ra2+ 39. Kh3 Re2 40. Bf6 Re8 41. Rb7 Bf2 42. Rg7+ Kf8 43. Rxh7 Re3 44. g6 Rxg3+ 45. Kh2 Ke8 46. Re7+ Kf8 47. Rd7 Re3 48. Rd8+ Re8 49. g7+ 1-0

[Event "Ruhrgebiet Verbandsliga2 1213"]
[Site "Nordrheinwestfalen"]
[Date "2013.04.28"]
[Round "9.7"]
[White "Butschek, Tanja"]
[Black "Bauch, Ralf"]
[Result "0-1"]
[WhiteElo "1871"]
[BlackElo "1937"]
[PlyCount "71"]
[EventDate "2012.09.02"]
[EventType "team-tourn"]
[EventRounds "9"]
[EventCountry "GER"]
[SourceTitle "EXT 2020"]
[Source "ChessBase"]
[SourceDate "2019.10.17"]
[SourceVersion "1"]
[SourceVersionDate "2019.10.17"]
[SourceQuality "1"]
[WhiteTeam "Muelheim Nord III"]
[BlackTeam "Doppelbauer Brambauer"]
[WhiteTeamCountry "GER"]
[BlackTeamCountry "GER"]

1. e4 e6 2. d4 d5 3. Nc3 Bb4 4. e5 b6 5. Qg4 Bf8 6. Bd3 Ba6 7. Bxa6 Nxa6 8. a3 Ne7 9. Bg5 Qd7 10. Qe2 Nb8 11. g4 Nec6 12. Be3 Na5 13. f4 Nc4 14. Bc1 Be7 15. Nf3 c5 16. b3 Na5 17. Bb2 cxd4 18. Nb5 Nbc6 19. Nbxd4 Nxd4 20. Nxd4 0-0 21. h4 Rfc8 22. f5 Bc5 23. f6 Bxd4 24. Bxd4 Qc7 25. Rh2 gxf6 26. Qd2 Nc6 27. exf6 Nxd4 28. Qh6 Qg3+ 29. Kf1 Qf3+ 30. Kg1 Qg3+ 31. Kh1 Qf3+ 32. Kg1 Qg3+ 33. Rg2 Ne2+ 34. Kf1 Qf4+ 35. Qxf4 Nxf4 36. h5 0-1

[Event "Ruhrgebiet Verbandsliga2 1213"]
[Site "Nordrheinwestfalen"]
[Date "2013.04.07"]
[Round "8.6"]
[White "Butschek, Tanja"]
[Black "Gross, Thomas"]
[Result "0-1"]
[WhiteElo "1871"]
[BlackElo "1898"]
[PlyCount "78"]
[EventDate "2012.09.02"]
[EventType "team-tourn"]
[EventRounds "9"]
[EventCountry "GER"]
[SourceTitle "EXT 2020"]
[Source "ChessBase"]
[SourceDate "2019.10.17"]
[SourceVersion "1"]
[SourceVersionDate "2019.10.17"]
[SourceQuality "1"]
[WhiteTeam "Muelheim Nord III"]
[BlackTeam "Oberhausen SV II"]
[WhiteTeamCountry "GER"]
[BlackTeamCountry "GER"]

1. e4 e6 2. d4 d5 3. Nc3 h6 4. Nf3 Nf6 5. Bd3 Bb4 6. e5 Ne4 7. Bd2 Nxd2 8. Nxd2 c5 9. Qg4 0-0 10. 0-0 cxd4 11. Qxd4 Nc6 12. Qe3 b6 13. Kh1 Bc5 14. Qg3 Nb4 15. f4 Nxd3 16. cxd3 f5 17. Qg6 Qe8 18. Qxe8 Rxe8 19. Nb5 Re7 20. Nb3 Ba6 21. a4 Bxb5 22. axb5 Rc7 23. Ra6 Be3 24. Rfa1 Rc2 25. R6a2 Rac8 26. Re1 d4 27. g3 g5 28. fxg5 hxg5 29. Rxa7 Rxb2 30. Na1 Rc3 31. Rd1 f4 32. gxf4 gxf4 33. h4 f3 34. Ra8+ Kh7 35. Ra7+ Kg6 36. Re7 Kf5 37. Rf7+ Kg4 38. Rf1 Rf2 39. Rg1+ Kh3 0-1

[Event "BL 1213 (Women)"]
[Site "Germany"]
[Date "2012.12.16"]
[Round "5.6"]
[White "Buechle, Regina"]
[Black "Butschek, Tanja"]
[Result "1/2-1/2"]
[WhiteElo "1977"]
[BlackElo "2006"]
[PlyCount "55"]
[EventDate "2012.10.06"]
[EventType "team-tourn"]
[EventRounds "11"]
[EventCountry "GER"]
[SourceTitle "EXT 2014"]
[Source "ChessBase"]
[SourceDate "2013.11.20"]
[SourceVersion "1"]
[SourceVersionDate "2013.11.20"]
[SourceQuality "1"]
[WhiteTeam "Wattenscheid (W)"]
[BlackTeam "Muelheim Nord (W)"]
[WhiteTeamCountry "GER"]
[BlackTeamCountry "GER"]

1. d4 f5 2. c4 g6 3. g3 Bg7 4. Bg2 d6 5. Nf3 Nf6 6. Nc3 0-0 7. 0-0 Qe8 8. Bg5 Qf7 9. Bxf6 Bxf6 10. Nd5 e6 11. Nxf6+ Qxf6 12. e3 Nd7 13. b4 Kh8 14. Rc1 g5 15. c5 Rb8 16. cxd6 cxd6 17. Qb3 h5 18. h4 gxh4 19. Nxh4 Rg8 20. Kh2 Nf8 21. d5 Ng6 22. Nxg6+ Qxg6 23. dxe6 Bxe6 24. Qc3+ Rg7 25. Qd4 Rbg8 26. Rc7 Kh7 27. Rxg7+ Rxg7 28. a4 1/2-1/2

[Event "Ruhrgebiet Verbandsliga2 1213"]
[Site "Nordrheinwestfalen"]
[Date "2012.09.30"]
[Round "2.7"]
[White "Meise, Ulrich"]
[Black "Butschek, Tanja"]
[Result "0-1"]
[WhiteElo "1799"]
[BlackElo "1871"]
[PlyCount "74"]
[EventDate "2012.09.02"]
[EventType "team-tourn"]
[EventRounds "9"]
[EventCountry "GER"]
[SourceTitle "EXT 2020"]
[Source "ChessBase"]
[SourceDate "2019.10.17"]
[SourceVersion "1"]
[SourceVersionDate "2019.10.17"]
[SourceQuality "1"]
[WhiteTeam "Gerthe Werne"]
[BlackTeam "Muelheim Nord III"]
[WhiteTeamCountry "GER"]
[BlackTeamCountry "GER"]

1. e4 c5 2. Na3 e6 3. c3 Nf6 4. e5 Nd5 5. Nf3 Nc6 6. d3 a6 7. Nc2 Qc7 8. c4 Nde7 9. b4 b6 10. bxc5 bxc5 11. Bb2 Ng6 12. Qe2 Bb7 13. Bc3 Be7 14. Qe3 0-0 15. Be2 d6 16. exd6 Bxd6 17. 0-0 Nce7 18. Qc1 Nf4 19. Re1 Nxe2+ 20. Rxe2 Bxf3 21. gxf3 Bxh2+ 22. Kg2 Ng6 23. Bd2 Bf4 24. Qh1 Bxd2 25. Rxd2 Qf4 26. Re2 Rfd8 27. Re4 Qd2 28. Ne3 f5 29. Rh4 Nxh4+ 30. Qxh4 Rf8 31. Rh1 Rf6 32. Qxh7+ Kf7 33. Qh5+ Rg6+ 34. Kf1 Qxd3+ 35. Ke1 Rb8 36. f4 Rb2 37. Nd1 Qd2+ 0-1

[Event "GER-chT Federal Cup (Women)"]
[Site "Braunfels"]
[Date "2012.06.09"]
[Round "4.6"]
[White "Butschek, Tanja"]
[Black "Pump, Karen"]
[Result "1-0"]
[WhiteElo "2043"]
[BlackElo "1671"]
[PlyCount "67"]
[EventDate "2012.06.07"]
[EventType "team-swiss"]
[EventRounds "5"]
[EventCountry "GER"]
[SourceTitle "CBM 149 Extra"]
[Source "ChessBase"]
[SourceDate "2012.08.24"]
[SourceVersion "1"]
[SourceVersionDate "2012.08.24"]
[SourceQuality "1"]
[WhiteTeam "Nordrhein Westfalen (W)"]
[BlackTeam "Hamburg (W)"]
[WhiteTeamCountry "GER"]
[BlackTeamCountry "GER"]

1. e4 c5 2. Nf3 Nc6 3. Bb5 g6 4. c3 Bg7 5. 0-0 a6 6. Bxc6 bxc6 7. d3 e5 8. Na3 d6 9. Be3 Nf6 10. h3 0-0 11. Qd2 Re8 12. Bh6 Bh8 13. Ng5 Nh5 14. f4 Nxf4 15. Nxf7 Kxf7 16. g3 Bxh3 17. Rf3 Kg8 18. gxf4 Bg4 19. Rg3 Qh4 20. Qh2 Qxh2+ 21. Kxh2 Be6 22. f5 Bf7 23. Nc4 Rad8 24. Na5 Rb8 25. b3 Rec8 26. Nc4 Rd8 27. Rf1 d5 28. Na5 Rd6 29. fxg6 Bxg6 30. Nb7 Rf6 31. Rxf6 Bxf6 32. Nxc5 Rd8 33. Bg5 Kg7 34. Ne6+ 1-0

[Event "Ruhrgebiet Verbandsliga1 1112"]
[Site "Nordrheinwestfalen"]
[Date "2011.11.13"]
[Round "3.8"]
[White "Blum, Alfred"]
[Black "Butschek, Tanja"]
[Result "0-1"]
[WhiteElo "1792"]
[BlackElo "1885"]
[PlyCount "72"]
[EventDate "2012.09.18"]
[EventType "team-tourn"]
[EventRounds "9"]
[EventCountry "GER"]
[SourceTitle "EXT 2020"]
[Source "ChessBase"]
[SourceDate "2019.10.17"]
[SourceVersion "1"]
[SourceVersionDate "2019.10.17"]
[SourceQuality "1"]
[WhiteTeam "Katernberg SF III"]
[BlackTeam "Muelheim Nord III"]
[WhiteTeamCountry "GER"]
[BlackTeamCountry "GER"]

1. d4 f5 2. Nf3 Nf6 3. g3 g6 4. c4 Bg7 5. Bg2 d6 6. Nc3 0-0 7. 0-0 Qe8 8. d5 a5 9. Nd4 Na6 10. Rb1 Qf7 11. Ne6 Bxe6 12. dxe6 Qxe6 13. Bxb7 Ra7 14. Bd5 Nxd5 15. Qxd5 Qxd5 16. Nxd5 Re8 17. Bd2 Nb4 18. Bc3 e6 19. Bxg7 exd5 20. a3 Kxg7 21. axb4 axb4 22. cxd5 Rxe2 23. Rfc1 Kf6 24. Rc4 Rb7 25. f4 Rd2 26. Rbc1 Rxd5 27. Rxc7 Rxc7 28. Rxc7 Rd1+ 29. Kf2 Rd2+ 30. Ke3 Rxh2 31. Rb7 Rxb2 32. Rxh7 b3 33. Rd7 Ke6 34. Rg7 Rb1 35. Rxg6+ Kd5 36. Kd3 Rc1 0-1

[Event "BL 1011 (Women)"]
[Site "Germany"]
[Date "2011.01.09"]
[Round "5.6"]
[White "Butschek, Tanja"]
[Black "Krasnopeyeva, Julia"]
[Result "1-0"]
[WhiteElo "2040"]
[BlackElo "1948"]
[PlyCount "43"]
[EventDate "2010.11.06"]
[EventType "team-tourn"]
[EventRounds "11"]
[EventCountry "GER"]
[SourceTitle "EXT 2012"]
[Source "ChessBase"]
[SourceDate "2011.11.24"]
[SourceVersion "1"]
[SourceVersionDate "2011.11.24"]
[SourceQuality "1"]
[WhiteTeam "Muelheim Nord (W)"]
[BlackTeam "Schott Mainz (W)"]
[WhiteTeamCountry "GER"]
[BlackTeamCountry "GER"]

1. e4 c5 2. Nf3 a6 3. d4 cxd4 4. Nxd4 e5 5. Nf3 Nf6 6. Bd3 Qc7 7. c4 Bc5 8. 0-0 0-0 9. Bg5 Ne8 10. Nc3 f6 11. Nd5 Qd6 12. Be3 Bxe3 13. fxe3 Nc7 14. Qc2 Nxd5 15. exd5 g6 16. Bxg6 Qe7 17. Bf5 a5 18. Nh4 Na6 19. Rf3 Rf7 20. Rg3+ Kf8 21. Bxh7 Qc5 22. Rg8+ 1-0

[Event "Dortmund Sparkassen op-A"]
[Site "Dortmund"]
[Date "2010.07.21"]
[Round "5"]
[White "Pedersen, Lars Wisler"]
[Black "Butschek, Tanja"]
[Result "0-1"]
[WhiteElo "1850"]
[BlackElo "2040"]
[PlyCount "100"]
[EventDate "2010.07.17"]
[EventType "swiss"]
[EventRounds "9"]
[EventCountry "GER"]
[SourceTitle "CBM 137 Extra"]
[Source "ChessBase"]
[SourceDate "2010.09.01"]
[SourceVersion "1"]
[SourceVersionDate "2010.09.01"]
[SourceQuality "1"]

1. e4 c5 2. Nf3 e6 3. d4 cxd4 4. Nxd4 Nf6 5. Bd3 Nc6 6. Be3 d5 7. exd5 Qxd5 8. Nf3 Nb4 9. Be2 Qe4 10. 0-0 Qxc2 11. Na3 Qxd1 12. Rfxd1 Nbd5 13. Nb5 a6 14. Nc3 Nxe3 15. fxe3 Bc5 16. Nd4 0-0 17. Kh1 e5 18. Nc2 Bf5 19. Bd3 Bxd3 20. Rxd3 Ng4 21. Rd5 Rac8 22. h3 Nxe3 23. Nxe3 Bxe3 24. Rxe5 Bd4 25. Re7 b5 26. Nd5 Rfd8 27. Rae1 Kf8 28. Nc3 Bxc3 29. bxc3 Rxc3 30. Ra7 Rc6 31. Ree7 Rf6 32. Reb7 g6 33. a4 Rd1+ 34. Kh2 bxa4 35. Rb4 Ra1 36. Kg3 Ra2 37. h4 Kg7 38. Kh3 a3 39. Ra4 Rb6 40. R4xa6 Rb3+ 41. g3 h5 42. Rxf7+ Kxf7 43. Rf6+ Ke8 44. Rf8+ Kd7 45. Rd8+ Kc6 46. Rc8+ Kd5 47. Rc5+ Kd4 48. Rc4+ Kd3 49. Rd4+ Kc2 50. Rd1 Rxg3+ 0-1

[Event "Dortmund Sparkassen op-A"]
[Site "Dortmund"]
[Date "2006.08.06"]
[Round "9"]
[White "Butschek, Tanja"]
[Black "Bartel, Mario"]
[Result "1/2-1/2"]
[WhiteElo "2037"]
[BlackElo "2179"]
[PlyCount "73"]
[EventDate "2006.07.28"]
[EventType "swiss"]
[EventRounds "9"]
[EventCountry "GER"]
[SourceTitle "CBM 113 Extra"]
[Source "ChessBase"]
[SourceDate "2006.09.14"]
[SourceVersion "1"]
[SourceVersionDate "2006.09.14"]
[SourceQuality "1"]

1. e4 e5 2. Nf3 Nc6 3. Bb5 a6 4. Ba4 Nf6 5. 0-0 Nxe4 6. Re1 Nc5 7. Bxc6 dxc6 8. d4 Ne6 9. Nxe5 Be7 10. Be3 0-0 11. Nc3 f6 12. Nd3 f5 13. Nf4 Bd6 14. Qd2 Bxf4 15. Bxf4 Qxd4 16. Qxd4 Nxd4 17. Re7 Ne6 18. Bxc7 Nxc7 19. Rxc7 Rf7 20. Rxf7 Kxf7 21. Na4 Be6 22. Rd1 Re8 23. b3 Re7 24. Nc5 Bc8 25. Kf1 Re5 26. Nd3 Rd5 27. c4 Rd6 28. f4 Kf6 29. Ke2 Rd4 30. g3 h6 31. Ne5 Re4+ 32. Kf3 Be6 33. Nd7+ Bxd7 34. Rxd7 Re7 35. Rxe7 Kxe7 36. b4 Kd6 37. Ke3 1/2-1/2

[Event "Dortmund Sparkassen op-A"]
[Site "Dortmund"]
[Date "2006.08.03"]
[Round "6"]
[White "Holtmannspoetter, Thomas"]
[Black "Butschek, Tanja"]
[Result "0-1"]
[WhiteElo "1719"]
[BlackElo "2037"]
[PlyCount "42"]
[EventDate "2006.07.28"]
[EventType "swiss"]
[EventRounds "9"]
[EventCountry "GER"]
[SourceTitle "CBM 113 Extra"]
[Source "ChessBase"]
[SourceDate "2006.09.14"]
[SourceVersion "1"]
[SourceVersionDate "2006.09.14"]
[SourceQuality "1"]

1. e4 c5 2. Nf3 e6 3. d4 cxd4 4. Nxd4 Nf6 5. Nc3 Nc6 6. Ndb5 Bb4 7. Nd6+ Ke7 8. e5 Nxe5 9. Nxc8+ Rxc8 10. Bd2 Qa5 11. f3 Nc4 12. Bxc4 Rxc4 13. 0-0 Rhc8 14. Qe2 Qb6+ 15. Kh1 Bxc3 16. Bxc3 Nd5 17. Bxg7 Qe3 18. Qd3 Qxd3 19. cxd3 Rc2 20. g3 f6 21. f4 Ne3 0-1

[Event "Dortmund Sparkassen op-A"]
[Site "Dortmund"]
[Date "2006.07.28"]
[Round "1"]
[White "Butschek, Tanja"]
[Black "Stark, Lars"]
[Result "0-1"]
[WhiteElo "2037"]
[BlackElo "2419"]
[PlyCount "62"]
[EventDate "2006.07.28"]
[EventType "swiss"]
[EventRounds "9"]
[EventCountry "GER"]
[SourceTitle "CBM 113 Extra"]
[Source "ChessBase"]
[SourceDate "2006.09.14"]
[SourceVersion "1"]
[SourceVersionDate "2006.09.14"]
[SourceQuality "1"]

1. e4 Nc6 2. Nf3 d6 3. d4 Nf6 4. Nc3 Bg4 5. Bb5 a6 6. Ba4 b5 7. Bb3 Bxf3 8. gxf3 g6 9. Be3 Bg7 10. Qd2 Qd7 11. a4 Rb8 12. axb5 axb5 13. h4 0-0 14. Ne2 Ra8 15. Rd1 Na5 16. Bh6 Nxb3 17. cxb3 d5 18. Bxg7 Kxg7 19. h5 dxe4 20. hxg6 fxg6 21. Qh6+ Kg8 22. fxe4 Rf7 23. Nf4 Nxe4 24. Nxg6 Qf5 25. Qh2 Nxf2 26. Ne5 Qe4+ 27. Kf1 Nd3+ 28. Nxf7 Qf3+ 29. Kg1 Qxd1+ 30. Kg2 Qg4+ 31. Kf1 Ra1# 0-1

[Event "GER-ch U18 Girls"]
[Site "Willingen"]
[Date "2006.06.09"]
[Round "9"]
[White "Butschek, Tanja"]
[Black "Hoolt, Sarah"]
[Result "0-1"]
[WhiteElo "2025"]
[BlackElo "2145"]
[PlyCount "58"]
[EventDate "2006.06.03"]
[EventType "swiss"]
[EventRounds "9"]
[EventCountry "GER"]
[SourceTitle "EXT 2007"]
[Source "ChessBase"]
[SourceDate "2006.11.23"]
[SourceVersion "1"]
[SourceVersionDate "2006.11.23"]
[SourceQuality "1"]

1. e4 c5 2. Nf3 e6 3. d4 cxd4 4. Nxd4 Nc6 5. Nxc6 bxc6 6. Bd3 Nf6 7. 0-0 e5 8. c4 d6 9. Nd2 Be7 10. Qa4 Bd7 11. c5 d5 12. exd5 Nxd5 13. Re1 Qc7 14. Nb3 0-0 15. Qe4 f5 16. Qxe5 Qxe5 17. Rxe5 Bf6 18. Re2 a5 19. Bc4 a4 20. Nd2 Rfe8 21. Rxe8+ Bxe8 22. Rb1 Bf7 23. Nf3 Rb8 24. Ng5 Bxg5 25. Bxg5 Nc3 26. Bxf7+ Kxf7 27. Re1 Rxb2 28. f3 h6 29. Bf4 Ne2+ 0-1

[Event "GER-ch U18 Girls"]
[Site "Willingen"]
[Date "2006.06.05"]
[Round "4"]
[White "Wirths, Clara"]
[Black "Butschek, Tanja"]
[Result "0-1"]
[WhiteElo "1935"]
[BlackElo "2025"]
[PlyCount "94"]
[EventDate "2006.06.03"]
[EventType "swiss"]
[EventRounds "9"]
[EventCountry "GER"]
[SourceTitle "EXT 2007"]
[Source "ChessBase"]
[SourceDate "2006.11.23"]
[SourceVersion "1"]
[SourceVersionDate "2006.11.23"]
[SourceQuality "1"]

1. e4 c5 2. Nf3 e6 3. d4 cxd4 4. Nxd4 Nf6 5. Nc3 Nc6 6. Ndb5 Bb4 7. a3 Bxc3+ 8. Nxc3 d5 9. exd5 exd5 10. Bd3 0-0 11. 0-0 d4 12. Ne2 Bg4 13. f3 Be6 14. b4 Qb6 15. Rf2 Rac8 16. b5 Ne5 17. Nxd4 Nxd3 18. Qxd3 Bc4 19. Qd2 Rfd8 20. c3 Qa5 21. Qb2 Qa4 22. Bg5 Rd6 23. Bxf6 Rxf6 24. Qc2 Bxb5 25. Qe4 Bc6 26. Qg4 Re8 27. Nxc6 Qxc6 28. Qd4 Rfe6 29. Qxa7 Qxc3 30. Raf1 b6 31. a4 Qc5 32. Qa6 h6 33. Qd3 Re2 34. Qd1 Rxf2 35. Rxf2 Qb4 36. Rf1 Ra8 37. Re1 Qxa4 38. Qd5 Qa5 39. Qe4 b5 40. Rb1 Rb8 41. Rb4 Rc8 42. Kf2 Qb6+ 43. Kg3 Rd8 44. Qf5 Qd6+ 45. Qf4 Qc5 46. h4 Rd6 47. h5 Rd5 0-1

[Event "GER-ch U18 Girls"]
[Site "Willingen"]
[Date "2006.06.03"]
[Round "1"]
[White "Butschek, Tanja"]
[Black "Tovmasian, Nelli"]
[Result "1-0"]
[WhiteElo "2025"]
[BlackElo "1813"]
[PlyCount "168"]
[EventDate "2006.06.03"]
[EventType "swiss"]
[EventRounds "9"]
[EventCountry "GER"]
[SourceTitle "EXT 2007"]
[Source "ChessBase"]
[SourceDate "2006.11.23"]
[SourceVersion "1"]
[SourceVersionDate "2006.11.23"]
[SourceQuality "1"]

1. e4 c5 2. Nf3 e6 3. d4 cxd4 4. Nxd4 Nc6 5. Nxc6 bxc6 6. Bd3 Ba6 7. c4 Bb4+ 8. Bd2 Qb6 9. 0-0 Bxd2 10. Qxd2 Qd4 11. Qc3 Qxc3 12. Nxc3 Ne7 13. Rad1 0-0-0 14. b3 f5 15. Rfe1 fxe4 16. Nxe4 Rdf8 17. Nc5 Bb7 18. Bc2 Rd8 19. Rd2 Kc7 20. Ne4 Rhf8 21. Nd6 h6 22. Re5 Nc8 23. Nxc8 Bxc8 24. c5 d5 25. Rd4 Rf6 26. Ra4 Kb8 27. Bd3 Rd7 28. f4 Rdf7 29. g3 Rf8 30. b4 Bb7 31. b5 R8f7 32. Rb4 Rc7 33. f5 cxb5 34. Rxb5 Rc6 35. a4 Kc7 36. Rb1 Bc8 37. Rbe1 a6 38. R1e2 Bd7 39. Re1 Bc8 40. R1e2 Bd7 41. Rb2 Bc8 42. Rc2 Kd8 43. g4 Ke7 44. fxe6 Bxe6 45. Bf5 Kf7 46. Bxe6+ Rfxe6 47. Rxd5 Re1+ 48. Kf2 Ke6 49. Rd4 Re5 50. Rdc4 Kd5 51. Kf3 Rf6+ 52. Rf4 Rxf4+ 53. Kxf4 g5+ 54. Kg3 Re3+ 55. Kg2 Kc6 56. Rf2 Re4 57. Rf6+ Kxc5 58. Rxa6 Rxg4+ 59. Kf3 h5 60. h3 Rf4+ 61. Kg2 Kb4 62. Ra8 Rf5 63. Kg3 Rf6 64. a5 Kb5 65. Rh8 h4+ 66. Kg4 Rc6 67. Ra8 Rc4+ 68. Kxg5 Rc5+ 69. Kxh4 Rc4+ 70. Kg5 Rc5+ 71. Kf6 Rc6+ 72. Ke7 Rh6 73. Rb8+ Kxa5 74. Rb3 Ka4 75. Rf3 Kb5 76. Kf7 Kc6 77. Kg7 Rh4 78. Kg6 Kd6 79. Kg5 Rh8 80. Re3 Kd7 81. h4 Re8 82. Rf3 Rg8+ 83. Kh5 Ke7 84. Rf4 Ke6 1-0

[Event "GER-chT U20 Girls"]
[Site "Naunhof"]
[Date "2005.12.28"]
[Round "3.1"]
[White "Butschek, Tanja"]
[Black "Schulz, Stefanie"]
[Result "0-1"]
[WhiteElo "1862"]
[BlackElo "2063"]
[PlyCount "50"]
[EventDate "2005.12.27"]
[EventType "team-swiss"]
[EventRounds "7"]
[EventCountry "GER"]
[SourceTitle "CBM 110 Extra"]
[Source "ChessBase"]
[SourceDate "2006.03.10"]
[SourceVersion "2"]
[SourceVersionDate "2006.03.10"]
[SourceQuality "1"]

1. e4 c5 2. Nf3 Nc6 3. Bb5 g6 4. Bxc6 dxc6 5. 0-0 Bg7 6. d3 b6 7. Nc3 e5 8. h3 Ne7 9. a3 a5 10. Be3 0-0 11. Re1 h6 12. Qd2 Kh7 13. b4 axb4 14. axb4 Rxa1 15. Rxa1 cxb4 16. Na4 c5 17. c3 f5 18. Qc2 Nc6 19. Bd2 bxc3 20. Bxc3 fxe4 21. dxe4 Nd4 22. Qd1 Nxf3+ 23. gxf3 Qg5+ 24. Kh2 Qh5 25. Nxb6 Bxh3 0-1

[Event "GER-chT U20 Girls"]
[Site "Naunhof"]
[Date "2005.12.27"]
[Round "2.1"]
[White "Samorukova, Jana"]
[Black "Butschek, Tanja"]
[Result "0-1"]
[WhiteElo "1609"]
[BlackElo "1862"]
[PlyCount "64"]
[EventDate "2005.12.27"]
[EventType "team-swiss"]
[EventRounds "7"]
[EventCountry "GER"]
[SourceTitle "CBM 110 Extra"]
[Source "ChessBase"]
[SourceDate "2006.03.10"]
[SourceVersion "2"]
[SourceVersionDate "2006.03.10"]
[SourceQuality "1"]

1. d4 f5 2. Bg5 g6 3. Nd2 Bg7 4. e4 fxe4 5. Nxe4 d5 6. Ng3 Nf6 7. Bd3 Nc6 8. Nf3 Bg4 9. c3 Qd6 10. 0-0 0-0 11. Qd2 Bxf3 12. gxf3 e5 13. dxe5 Nxe5 14. Be2 Qe6 15. Kg2 c6 16. Rae1 Qf7 17. f4 Ned7 18. f5 gxf5 19. Qf4 d4 20. c4 Ng4 21. h3 Nge5 22. b3 Ng6 23. Qd2 f4 24. Bh5 fxg3 25. fxg3 Nh4+ 26. gxh4 Qxh5 27. Re7 Rxf1 28. Rxg7+ Kxg7 29. Qxd4+ Kg8 30. Kxf1 Qf3+ 31. Ke1 Re8+ 32. Kd2 Re2+ 0-1

[Event "NRW Class2 0506"]
[Site "Germany"]
[Date "2005.11.06"]
[Round "3.8"]
[White "Butschek, Tanja"]
[Black "Pilat, Daniel"]
[Result "1-0"]
[WhiteElo "2034"]
[BlackElo "2144"]
[PlyCount "83"]
[EventDate "2005.09.25"]
[EventType "team"]
[EventRounds "9"]
[EventCountry "GER"]
[SourceTitle "EXT 2006"]
[Source "ChessBase"]
[SourceDate "2005.11.24"]
[SourceVersion "1"]
[SourceVersionDate "2005.11.24"]
[SourceQuality "1"]
[WhiteTeam "Katernberg II"]
[BlackTeam "Bochum 31 II"]
[WhiteTeamCountry "GER"]
[BlackTeamCountry "GER"]

1. e4 c5 2. Nf3 a6 3. c3 e6 4. d4 d5 5. exd5 exd5 6. Bd3 Nc6 7. 0-0 cxd4 8. Re1+ Be7 9. Nxd4 Nf6 10. Qe2 Nxd4 11. cxd4 h6 12. Bd2 Kf8 13. Bc3 Bg4 14. f3 Bd7 15. Nd2 Bd6 16. g3 h5 17. f4 h4 18. Qg2 hxg3 19. hxg3 Rh3 20. Nf1 b5 21. a3 Rh8 22. Rac1 Bh3 23. Qd2 Bxf1 24. Bxf1 Ne4 25. Qe3 f5 26. Re2 Qe8 27. Rcc2 Qg6 28. Be1 Ke7 29. Rh2 Rxh2 30. Rxh2 Rc8 31. Be2 Bb8 32. Bd3 Ba7 33. Bc3 Kf7 34. Bxe4 fxe4 35. Kg2 Bb6 36. Qe2 Rc4 37. Rh5 Bxd4 38. Rg5 Qe6 39. Bxd4 Rxd4 40. Qh5+ Kf8 41. Qh8+ Qg8 42. Rf5+ 1-0